The splendour of Africa

Guardado en:
Detalles Bibliográficos
Autor principal: Steffen D.C
Formato: Libro
Publicado: New York : Walker and company, c1965.
Materias:
Etiquetas: Agregar Etiqueta
Sin Etiquetas, Sea el primero en etiquetar este registro!

MARC

LEADER 00000nam a2200000 4500
020 |a NA  |c NA 
040 |a MUL  |b eng.  |e AACR 
082 |a 960 STE 
100 |a Steffen D.C. 
245 |a The splendour of Africa  |c / D.C Steffen 
260 |a New York :  |b Walker and company,   |c c1965. 
300 |a 173 p. :  |b some col. illl. ;  |c 26 cm. 
546 |a eng. 
650 |a Features of Africa 
942 |c BK 
999 |c 6314  |d 6314